000 00462nmm a2200157Ia 4500
008 251105s9999||||xx |||||||||||||||||und||
041 _aspa
100 _aPaige, Laurie
245 0 _aEn brazos del príncipe
264 _a[Madrid, España] :
_bHarlequin,
_c[Fecha de publicación no identificada]
300 _a0 páginas
490 _a'El legado de los logan'
650 _aRomance
856 _uhttps://public.digitaliapublishing.com/a/92534
942 _cCF
999 _c99157
_d99157